000 00567nam a22001697a 4500
003 MACL
005 20160719154636.0
008 160719b xxu||||| |||| 00| 0 eng d
040 _cMACL
041 _aHindi
082 _a610
100 _aगिरिराज, आचार्य
_952125
245 _aसचित्र याेगासन
_cआचार्य गिरिराज
260 _aनई दिल्‍ली
_bराष्‍ट्रीय साहित्‍य सदन
_c2016
650 _aयोगा
_964634
942 _2ddc
_cHIN
999 _c54492
_d54492